000 00456nam a2200169 i 4500
001 95026
003 ES-MaACL
005 20230906181621.0
007 t|
008 050519s1958 sp ||||1| spa d
100 1 _aLudwig, Emil.
_974618
245 1 0 _aCleopatra /
_cEmil Ludwig; [traducción de F. Ortega].
260 _aBarcelona :
_bMateu,
_c1958.
300 _a223 p. ;
_c17 cm.
700 1 _aOrtega, F.
_987405
852 _aES-MaACL
_jC-17106
_bR.43677
999 _c95026
_d95026